00525nam a2200133Ia 4500008004100000041000800041082002400049100001800073245004800091260003700139300000900176999001900185952018700204230411s9999 xx 000 0 und d aeng aAD/610.6/KAU/B07359 aKaur Kamaljit aTextbook of Nursing Management and Services bJaypee BrothersaNew Delhic2013 a360p c157489d157489 001040708ADaBTINbBTINd2012-12-31eJaypee Brothers Medical Publishersg295.00i4075j2l0oAD 610.6 KAU B07359pBTIN-BK-7359r2023-04-11 00:00:00v215.00w2012-12-31yBKzB07359